000 00541nam a2200193Ia 4500
005 20250508161940.0
008 008 250505s9999 xx 000 0 eng d
037 _aBooks to be hide in OPAC
040 _aFEDL
_beng
_cFEDL
041 _aeng
_2eng
084 _aB, AUR/O
_qFEDL
100 _aOlsson Eva
_9771872
245 0 _aPhilosophy of Sri Aurobindo : In the light of the gospel
245 4 _cThe Christian Literature Society
260 _c1959
300 _a73p.
942 _cHB
_hB, AUR/O
999 _c1373440
_d1373440